MARC

LEADER 00000nam0a2200000 4500
001 22650
005 20231101205512.0
010 |a 5878520818 
035 |a (RuTPU)RU\TPU\book\22863 
035 |a BOOK00000627 
090 |a 22650 
100 |a 20011209d1999 k y0rusy50 ca 
101 1 |a rus  |c fre 
102 |a RU 
105 |a y z 000zy 
200 1 |a Измерение умственных способностей  |e пер. с фр.  |f А. Бине 
210 |a СПб.  |c Союз  |d 1999 
215 |a 432 с. 
225 1 |a Психология и социология: страницы классики 
606 1 |a Умственные способности  |x Психология  |2 stltpush  |3 (RuTPU)RU\TPU\subj\63040  |9 80089 
610 1 |a психология 
610 1 |a детская психология 
610 1 |a школьники 
610 1 |a умственные способности 
610 1 |a память 
610 1 |a способности 
610 1 |a ненормальные дети 
610 1 |a воспитание 
610 1 |a педагогическая психология 
686 |a Ю98  |v LBC/SL-A  |2 rubbk 
686 |a Ю935.13  |v LBC/SL-A  |2 rubbk 
700 1 |a Бине  |b А.  |c французский психолог  |f 1857-1911  |g Альфред  |2 stltpush  |3 (RuTPU)RU\TPU\pers\22508  |9 9601 
801 0 |a RU  |b 63413507  |c 20011209  |g PSBO 
801 2 |a RU  |b 63413507  |c 20120709  |g PSBO 
942 |c BK